Jurisprudencia arbitral comentada (sentencias del Tribunal Supremo, 1891-1991) /

Detalles Bibliográficos
Autor Corporativo: Espaą. Tribunal Supremo
Otros Autores: Muǫz Sabat,̌ Luis (Compilador)
Formato: Desconocido
Lenguaje:español
Publicado: Barcelona : J. M. Bosch, 1992
Materias:
Acceso en línea:Acceso restringido

MARC

LEADER 00000ny a22000003n 4500
005 20110606110036.0
008 950511s1992 sp s 000 0 spa c
017 |a B18467-1992 
020 |a 8476982100 
035 |a 1161 
040 |a UMA.DER  |d vLex 
040 |a UMA.RE  |d vLex 
080 |a 347.918(094.8) 
090 |c 474  |d 474 
110 1 |a Espaą.  |b Tribunal Supremo 
245 1 0 |a Jurisprudencia arbitral comentada  |h [Recurso electrn̤ico]  |b (sentencias del Tribunal Supremo, 1891-1991) /  |c Luis Muǫz Sabať 
256 |a Servicio en ln̕ea 
260 |a Barcelona :  |b J. M. Bosch,  |c 1992 
300 |a 620 p. ;  |c 24 cm 
506 1 |a Contenido solo disponible en los productos indicados  |d vLex Global  |d vLex Global (Academic Edition, excluding Law Schools)  |d vLex Global (U.S. Academic Edition, Law Schools)  |d vLex Global (U.S. Academic Edition, excluding Law Schools)  |d vLex Global (Academic Edition, Law Schools) 
650 0 7 |a Arbitraje  |2 Tesauro vLex 
650 0 7 |a Procesal  |2 Tesauro vLex 
650 0 7 |a Jurisprudencia  |2 Tesauro vLex 
650 0 7 |a Arbitrajes  |2 Tesauro vLex 
650 0 7 |a Arbitraje mercantil  |2 Tesauro vLex 
700 1 |a Muǫz Sabat,̌ Luis,  |e com 
740 0 |a vLex Libros (Servicios en ln̕ea) 
856 4 0 |u http://vlex.com/source/1161  |z Acceso restringido 
942 |c BOOK 
999 0 |a Procedure (Law)  |b Barcelona